MARC

LEADER 00000nam0a2200000 4500
001 678115
005 20250116120110.0
090 |a 678115 
100 |a 20250113d1979 km|y0rusy50 ca 
101 0 |a rus 
102 |a RU 
105 |a a z 001yy 
181 0 |a i   |b  e  
182 0 |a n 
183 0 |a nc  |2 RDAcarrier 
200 1 |a Унифицированные цветные телевизоры блочно-модульной конструкции УПИМЦТ-61-II  |f С. А. Ельяшкевич, Л. Е. Кевеш, А. Ф. Мосолов [и др.]  |g под ред. С. А. Ельяшкевича 
203 |a Текст  |b визуальный  |c непосредственный 
210 |a Москва  |c Связь  |d 1979 
215 |a 128 с.  |c ил. 
225 1 |a Библиотека ТРЗ. Телевизионный и радиоприем. Звукотехника  |v Вып. 105 
283 |a volume  |2 RDAcarrier 
320 |a Список литературы: с. 126 
606 1 |a Цветные телевизоры  |9 43495 
610 1 |a телевизионная техника 
610 1 |a конструкция 
610 1 |a сигналы 
610 1 |a блок управления 
610 1 |a блок разверток 
610 1 |a регулировка 
610 1 |a неисправности 
610 1 |a ремонт 
610 1 |a настройка 
675 |a 621.397.622  |v 4 
701 1 |a Ельяшкевич  |b С. А.  |g Самуил Ефимович 
701 1 |a Кевеш  |b Л. Е.  |g Лев Ефимович 
701 1 |a Мосолов  |b А. Ф.  |g Анатолий Федорович 
701 1 |a Пескин  |b А. Е.  |g Александр Ефимович 
701 1 |a Филлер  |b Д. Я.  |g Дмитрий Яковлевич 
702 1 |4 340  |a Ельяшкевич  |b С. А.  |g Самуил Ефимович 
801 0 |a RU  |b 63413507  |c 20250112 
830 |a Ретро2025Каталогизация Кузнецова 
850 |a 63413507 
942 |c BK